000 00664nam a2200217Ii 4500
003 JO-AjNU
008 230605s9999||||xx |||||||||||||| ||und||
017 _a2011/4128
020 _a978-977-04-667-7
040 _aJO-AjNU
_bara
_erda
_cJO-AjNU
041 _aara
050 1 4 _aJC571.2011
100 3 _aسرير،جمعة سعيد,
_eauthor
_934324
245 0 0 _aدراسات قانونية مختارة فى حقوق الإنسان
250 _aط1
264 3 1 _aالقاهرة :دار النهضة العربية،2011
300 _a231ص
336 _atext
_btxt
_2rdacontent
337 _aunmediated
_bn
_2rdamedia
338 _avolume
_bnc
_2rdacarrier
999 _aA14062
_c17630
_d17630